000 00368cam a22001217a 4500
008 180718b1978 xxu||||| |||| 00| 0 eng d
082 _aAPPPA 77-78 DAY
100 _aDayal, M.S.
245 _aJawan ICDS projects: a case study
_cby M.S. Dayal
260 _aNew Delhi
_bIndian Institute of Public Administration
_c1978
300 _a153+p.
650 _aJawan ICDS projects
999 _c501156
_d501156